Caractères de Poppy Playtime-The Times Lefting - Statistiques

Statistiques générales
  • Ce quiz a été pris 190 fois
    172 depuis la dernière actualisation
  • Le résultat moyen est 14 sur 53
Statistiques - réponses
Par images Réponse % Correct
Napcat|Catnap
91%
Harley Sawyer|The Doctor
67%
Huggy Wuggy
67%
Kissy Missy
67%
The Prototype
61%
Mommy Long Legs
58%
Pianosaurus
56%
DogDay
54%
Yarnaby
52%
Miss Delight
48%
Boxy Boo
44%
Nightmare Catnap
44%
Ollie
43%
Bunzo Bunny
40%
Bubba Bubbaphant
33%
CraftyCorn
33%
Baby Long Legs
30%
Daisy
30%
Baba Chops
24%
Candy Cat
24%
HoppyHopscotch
24%
Simon Smoke
24%
Sir Poops-A-Lot
24%
BobbyBearhug
23%
Boogie Bot
23%
Elliot Ludwig
23%
Cat-Bee
22%
Mini Huggies
20%
PickyPiggy
20%
PJ Pug a Pillar
20%
Poppy Playtime
20%
Touille
20%
Dady Long Legs
17%
Maggie Mako
16%
Icky Licky
13%
Poe
12%
Pet Stone
10%
Allister Gator
9%
Owen the Oven
9%
Bron the Dinosaur
8%
Rabie Baby
8%
Cassie Cutie-Pillar
5%
Kick-me-Paul
5%
Love Bug
5%
Love Dog
5%
The Doctor's Bodies
4%
Barrel o' Huggys
3%
Doey the Daughman
3%
Petite Pooch
3%
A.I.
2%
Sunni Buddi
2%
Surprise Hare
2%
KickinChinken
1%
Aucun quiz correspondant
Distribution des résultats
% des personnes avec chaque résultat
Percentile par nombre de réponses
Votre historique - résultats
Vous n’avez pas pris ce quiz depuis la dernière actualisation